Statystyki dla Miasta w zachodniopomorskim

Kliknij tutaj aby rozwiązać quiz!

Ogólne statystyki

  • Ten quiz został rozwiązany 45 razy
  • Średni wynik to 20 z 66

Statystyki odpowiedzi

LiteraOdpowiedź% Poprawnych
SSzczecin
95%
ŚŚwinoujście
83%
KKoszalin
83%
KKołobrzeg
71%
SSzczecinek
67%
SStargard
67%
PPolice
57%
BBiałogard
55%
WWałcz
55%
GGoleniów
55%
GGryfice
50%
MMiędzyzdroje
50%
CChoszczno
45%
DDarłowo
43%
ŚŚwidwin
43%
NNowogard
40%
KKamień Pomorski
38%
BBarlinek
38%
PPyrzyce
36%
DDrawsko Pomorskie
36%
DDziwnów
36%
BBobolice
36%
WWolin
36%
PPołczyn-Zdrój
33%
SSławno
33%
MMielno
33%
PPłoty
31%
GGryfino
31%
CCzaplinek
31%
MMyślibórz
31%
KKarlino
31%
ŁŁobez
29%
DDobra
21%
TTrzebiatów
21%
CChojna
21%
DDębno
21%
MMirosławiec
21%
BBiały Bór
19%
CCzłopa
19%
SSianów
19%
PPolanów
19%
KKalisz Pomorski
19%
ZZłocieniec
19%
GGolczewo
19%
IIńsko
19%
DDrawno
17%
RRecz
17%
BBorne Sulinowo
14%
CCedynia
14%
WWęgorzyno
12%
TTychowo
12%
TTrzcińsko-Zdrój
12%
MMaszewo
12%
BBarwice
12%
GGościno
12%
SSuchań
10%
SStepnica
10%
LLipiany
10%
TTuczno
10%
MMoryń
10%
CChociwiel
7%
RResko
7%
DDobrzany
7%
PPełczyce
7%
MMieszkowice
5%
NNowe Warpno
2%

Rozkład punktacji

Percentyl według liczby udzielonych odpowiedzi

Procent ludzi z każdym wynikiem

Twoja historia wyników

Nie rozwiązałeś tego quizu